| 000 | 00586nam a2200205Ia 4500 | ||
|---|---|---|---|
| 003 | IN-BaIIA | ||
| 008 | 211028s9999 xx 000 0 eng d | ||
| 020 | _a978-3-319-04327-2 | ||
| 040 | _cIIA Library | ||
| 080 |
_a532.5:524.3 _bMAC |
||
| 100 |
_aMaciel, Walter J _936358 |
||
| 245 | 0 |
_aHydrodynamics and stellar winds _ban Introduction _cWalter J. Maciel |
|
| 260 |
_aCham _bSpringer _c2014 |
||
| 300 | _axvii, 178p. | ||
| 490 | _aUndergraduate lecture notes in physics | ||
| 650 |
_aHydrodynamics _91514 |
||
| 650 |
_aPhysics _973 |
||
| 650 |
_aStellar winds _95748 |
||
| 942 | _cBK | ||
| 999 |
_c19040 _d19040 |
||